Seedling progeny analysis for estimation of prepotency in exotic Hevea clones (Record no. 51582)

MARC details
000 -LEADER
fixed length control field 00486nam a2200169Ia 4500
100 ## - MAIN ENTRY--AUTHOR NAME
Personal name Sebastian T.[b]
245 #0 - TITLE STATEMENT
Title Seedling progeny analysis for estimation of prepotency in exotic Hevea clones
260 ## - PUBLICATION, DISTRIBUTION, ETC. (IMPRINT)
Name of publisher Indian Journal of Botanical Research
Year of publication 2005
300 ## - PHYSICAL DESCRIPTION
Number of Pages 279-288
650 ## - SUBJECT ADDED ENTRY--TOPICAL TERM
Topical Term Exotic clone
650 ## - SUBJECT ADDED ENTRY--TOPICAL TERM
Topical Term Prepotency
650 ## - SUBJECT ADDED ENTRY--TOPICAL TERM
Topical Term Progeny analysis
650 ## - SUBJECT ADDED ENTRY--TOPICAL TERM
Topical Term Seedling
700 ## - ADDED ENTRY--PERSONAL NAME
Personal name Saraswathyamma C.K.
942 ## - ADDED ENTRY ELEMENTS (KOHA)
Koha item type Bibliography STAF
Holdings
Withdrawn status Lost status Damaged status Not for loan Home library Current library Date acquired Serial Enumeration / chronology Koha item type
      Bibliography RRII Library RRII Library 09/04/2014 Volume 1, Issue 2 Bibliography STAF